[Event "32nd WCh U20 Girls"]
[Site "Pune IND"]
[Date "2014.10.08"]
[Round "3.7"]
[White "Khademalsharieh, Sarasadat"]
[Black "Pujari, Rucha"]
[Result "1-0"]
[WhiteElo "2366"]
[BlackElo "2113"]
[EventDate "2014.10.06"]
[PlyCount "83"]

1.d4 d5 2.c4 e6 3.Nc3 Nf6 4.Nf3 Be7 5.Bf4 O-O 6.e3 Nbd7 7.c5 c6 8.h3 b6 9.
b4 a5 10.a3 Ba6 11.Bxa6 Rxa6 12.O-O Qa8 13.Rb1 axb4 14.axb4 bxc5 15.bxc5 
Ra3 16.Qc2 Qa6 17.Rfc1 Ra8 18.Qb2 h6 19.Ne1 Qc8 20.Nd3 R3a7 21.Qc2 Bd8 22.
Rb3 Bc7 23.Rcb1 g5 24.Bxc7 Qxc7 25.Qe2 e5 26.Nb4 exd4 27.exd4 Re8 28.Qf3 
Re6 29.Nc2 Ne4 30.Nxe4 Rxe4 31.g3 Ra2 32.Rb7 Qd8 33.Nb4 Rae2 34.Nxc6 Re1+ 
35.Rxe1 Rxe1+ 36.Kg2 Qf6 37.Qxf6 Nxf6 38.Ne5 Ne4 39.Nxf7 Rd1 40.Nxh6+ Kf8 
41.c6 Ke8 42.Rb8+ 1-0

[Event "32nd WCh U20 Girls"]
[Site "Pune IND"]
[Date "2014.10.08"]
[Round "3.8"]
[White "Zhai Mo"]
[Black "Mahalakshmi, Muganda Kumar"]
[Result "1-0"]
[WhiteElo "2339"]
[BlackElo "1997"]
[EventDate "2014.10.06"]
[PlyCount "81"]

1.d4 Nf6 2.c4 e6 3.Nc3 Bb4 4.Qc2 O-O 5.a3 Bxc3+ 6.Qxc3 b6 7.Bg5 Bb7 8.e3 
d6 9.Ne2 Nbd7 10.Rd1 h6 11.Bh4 Re8 12.Qc2 Qe7 13.Nc3 Qf8 14.f3 e5 15.d5 g5
16.Bf2 e4 17.Nb5 Rec8 18.Nd4 c6 19.dxc6 Bxc6 20.Be2 b5 21.Bg3 bxc4 22.Nf5 
Ne5 23.O-O exf3 24.gxf3 Rd8 25.Nxd6 Rxd6 26.Bxe5 Re6 27.Bd4 Rc8 28.Qf5 Ne8
29.Bc5 Qg7 30.Bxc4 Re5 31.Bxf7+ Qxf7 32.Qxe5 Nf6 33.Bd4 Rf8 34.Rc1 Bd5 35.
Qxf6 Qxf6 36.Bxf6 Rxf6 37.e4 Bf7 38.Rc7 a6 39.Kf2 Rd6 40.Ke3 Kg7 41.Rfc1 
1-0

[Event "32nd WCh U20 Girls"]
[Site "Pune IND"]
[Date "2014.10.08"]
[Round "3.9"]
[White "Sviridova, Vlada"]
[Black "Iwanow, Anna"]
[Result "1-0"]
[WhiteElo "2069"]
[BlackElo "2279"]
[EventDate "2014.10.06"]
[PlyCount "111"]

1.d4 Nf6 2.c4 e6 3.Nf3 Bb4+ 4.Bd2 Bxd2+ 5.Qxd2 d5 6.Nc3 O-O 7.e3 Qe7 8.Bd3
dxc4 9.Bxc4 Rd8 10.O-O c5 11.Qe2 Nc6 12.Rad1 Bd7 13.e4 cxd4 14.Nxd4 Qc5 
15.Nb3 Qh5 16.Qxh5 Nxh5 17.Nc5 Ne5 18.Bb5 Bc6 19.Bxc6 bxc6 20.f4 Nc4 21.b3
Ne3 22.Rxd8+ Rxd8 23.Rf3 Nd1 24.N3a4 Rd2 25.Rd3 Rxd3 26.Nxd3 Nf6 27.Ne5 c5
28.Nxc5 Nc3 29.a4 Nfxe4 30.Nxe4 Nxe4 31.Nd7 a5 32.Nb6 Nc5 33.Kf2 Nxb3 34.
Ke3 f6 35.Kd3 Kf7 36.Kc3 Nc5 37.Kc4 Nb7 38.Kb5 e5 39.fxe5 fxe5 40.Kc6 e4 
41.Kxb7 e3 42.Nc4 e2 43.Ne5+ Ke6 44.Nf3 Kd5 45.Kb6 g5 46.Kxa5 g4 47.Ne1 
Kc4 48.Kb6 Kc3 49.g3 Kd2 50.Ng2 e1=Q 51.Nxe1 Kxe1 52.a5 Kf2 53.a6 Kg2 54.
a7 Kxh2 55.a8=Q Kxg3 56.Qh1 1-0

[Event "32nd WCh U20 Girls"]
[Site "Pune IND"]
[Date "2014.10.08"]
[Round "3.11"]
[White "Krumova, Ani"]
[Black "Chumpitaz Carbajal, Ann"]
[Result "0-1"]
[WhiteElo "1998"]
[BlackElo "2201"]
[EventDate "2014.10.06"]
[PlyCount "68"]

1.e4 c5 2.Nc3 e6 3.f4 a6 4.Nf3 b5 5.d3 Bb7 6.Qe2 Nc6 7.g3 d5 8.exd5 Nd4 9.
Nxd4 cxd4 10.Ne4 Bxd5 11.Bg2 Bb4+ 12.Bd2 Bxd2+ 13.Qxd2 Ne7 14.c4 dxc3 15.
bxc3 O-O 16.O-O Qb6+ 17.Kh1 Rfd8 18.d4 Nf5 19.Qf2 b4 20.g4 Nd6 21.Nc5 bxc3
22.f5 Bxg2+ 23.Qxg2 Nb5 24.fxe6 fxe6 25.Rab1 Rac8 26.a4 Rxd4 27.axb5 Qxc5 
28.bxa6 Rd2 29.Qf3 Qc7 30.Rf2 Rxf2 31.Qxf2 Qc6+ 32.Kg1 Qxa6 33.Rb6 Qa1+ 
34.Kg2 Qa8+ 0-1

[Event "32nd WCh U20 Girls"]
[Site "Pune IND"]
[Date "2014.10.08"]
[Round "3.12"]
[White "Tarini, Goyal"]
[Black "Gevorgian, Maria"]
[Result "0-1"]
[WhiteElo "1868"]
[BlackElo "2160"]
[EventDate "2014.10.06"]
[PlyCount "74"]

1.d4 d5 2.c4 c6 3.Nf3 Nf6 4.e3 Bf5 5.Nc3 e6 6.Nh4 Be4 7.f3 Bg6 8.Qb3 Qc7 
9.g3 Bd6 10.Kf2 Nbd7 11.Bd2 dxc4 12.Bxc4 b5 13.Bf1 a6 14.a4 b4 15.Ne2 a5 
16.Nxg6 hxg6 17.e4 e5 18.dxe5 Nxe5 19.Be3 c5 20.Nf4 c4 21.Qd1 Bc5 22.Nd5 
Nxd5 23.exd5 O-O 24.Qd2 Rfe8 25.Bxc5 Qxc5+ 26.Kg2 c3 27.bxc3 bxc3 28.Qd1 
Red8 29.Ra2 Rxd5 30.Qc1 Rad8 31.Be2 Rd2 32.Rd1 Rxa2 33.Rxd8+ Kh7 34.Kf1 
Nxf3 35.Kg2 Rxe2+ 36.Kxf3 Qf2+ 37.Kg4 Qf5+ 0-1

[Event "32nd WCh U20 Girls"]
[Site "Pune IND"]
[Date "2014.10.08"]
[Round "3.13"]
[White "Chitlange, Sakshi"]
[Black "Fronda, Jan Jodilyn"]
[Result "1-0"]
[WhiteElo "1827"]
[BlackElo "2127"]
[EventDate "2014.10.06"]
[PlyCount "59"]

1.d4 d5 2.c4 c6 3.Nc3 Nf6 4.e3 a6 5.Nf3 Bf5 6.Bd3 Bxd3 7.Qxd3 e6 8.O-O Be7
9.e4 dxe4 10.Nxe4 O-O 11.Bf4 Nbd7 12.Rfd1 Nxe4 13.Qxe4 Nf6 14.Qe2 Bd6 15.
Bg5 h6 16.Bh4 Be7 17.Ne5 Rc8 18.Rd3 Ne8 19.Bg3 Nd6 20.Rad1 Nf5 21.d5 cxd5 
22.cxd5 exd5 23.Rxd5 Qc7 24.Ng6 Qc6 25.Nxf8 Nxg3 26.hxg3 Kxf8 27.Rd7 Re8 
28.Qd3 g6 29.Re1 Bf6 30.Qa3+ 1-0

[Event "32nd WCh U20 Girls"]
[Site "Pune IND"]
[Date "2014.10.08"]
[Round "3.14"]
[White "Ni Shiqun"]
[Black "Liu Manli"]
[Result "1-0"]
[WhiteElo "2312"]
[BlackElo "2039"]
[EventDate "2014.10.06"]
[PlyCount "86"]

1.e4 e6 2.d4 d5 3.Nd2 c5 4.exd5 Qxd5 5.Ngf3 cxd4 6.Bc4 Qd7 7.O-O Nf6 8.Nb3
Nc6 9.Nbxd4 Nxd4 10.Nxd4 a6 11.Bg5 Be7 12.Re1 Qc7 13.Bb3 O-O 14.Qe2 Re8 
15.Rad1 Bd7 16.Bh4 b5 17.c3 Rad8 18.Bg3 Qb6 19.h3 Bc8 20.a4 Bd7 21.axb5 
axb5 22.Be5 Bc6 23.Bc2 b4 24.cxb4 Bb7 25.b5 Nd7 26.Bg3 Bb4 27.Rf1 Nf6 28.
Qc4 Bc5 29.Nb3 Rc8 30.Qe2 Bd5 31.Nxc5 Rxc5 32.Bd3 Rec8 33.b4 Rc3 34.Be5 
Rb3 35.Bxf6 gxf6 36.Qg4+ Kf8 37.Bxh7 Rc4 38.Qg8+ Ke7 39.Rxd5 exd5 40.Re1+ 
Re4 41.Bxe4 dxe4 42.Rxe4+ Kd6 43.Qf8+ Kd5 1-0

[Event "32nd WCh U20 Girls"]
[Site "Pune IND"]
[Date "2014.10.08"]
[Round "3.15"]
[White "Fransson, Angelina"]
[Black "Ibrahimova, Sabina"]
[Result "0-1"]
[WhiteElo "2019"]
[BlackElo "2271"]
[EventDate "2014.10.06"]
[PlyCount "72"]

1.e4 c5 2.Nf3 Nc6 3.c3 Nf6 4.e5 Nd5 5.d4 cxd4 6.cxd4 d6 7.Bc4 e6 8.O-O Be7
9.Bd2 O-O 10.Nc3 Nb6 11.Bb3 d5 12.Bc2 Bd7 13.Qe2 Rc8 14.Rae1 Nc4 15.Bc1 
Qb6 16.Rd1 Qd8 17.Qd3 g6 18.a3 b5 19.Ne2 b4 20.Nf4 bxa3 21.bxa3 N6a5 22.
Ne1 f5 23.exf6 Rxf6 24.h4 Rxf4 25.Bxf4 Nb2 26.Qf3 Nxd1 27.h5 Nc3 28.hxg6 
hxg6 29.Bxg6 Qf8 30.Qg4 Ne2+ 31.Qxe2 Qxf4 32.Nd3 Qh6 33.Ne5 Bd6 34.Qf3 
Bxe5 35.Qf7+ Kh8 36.Qxd7 Qh2# 0-1

[Event "32nd WCh U20 Girls"]
[Site "Pune IND"]
[Date "2014.10.08"]
[Round "3.16"]
[White "Varga, Klara"]
[Black "Gu Tianlu"]
[Result "1/2-1/2"]
[WhiteElo "2232"]
[BlackElo "2055"]
[EventDate "2014.10.06"]
[PlyCount "294"]

1.Nf3 d5 2.g3 Nf6 3.Bg2 g6 4.c4 Bg7 5.cxd5 Nxd5 6.Nc3 O-O 7.O-O c5 8.Nxd5 
Qxd5 9.d3 Nc6 10.Nd2 Qd7 11.Rb1 b6 12.a3 Bb7 13.b4 cxb4 14.axb4 Nd4 15.
Bxb7 Qxb7 16.Bb2 Nb5 17.Bxg7 Kxg7 18.Rc1 Rfc8 19.Nf3 Qd5 20.Qd2 Nd6 21.e4 
Qb5 22.e5 Ne8 23.d4 Nc7 24.Qg5 Qd7 25.h4 Nd5 26.h5 h6 27.Qd2 Qg4 28.Kg2 g5
29.Nh2 Qxh5 30.e6 fxe6 31.Rce1 Qg6 32.Re5 Rc2 33.Qe1 Nc7 34.d5 Rf8 35.dxe6
Qf6 36.Qe3 Rc4 37.Nf3 Qxf3+ 38.Qxf3 Rxf3 39.Kxf3 Rxb4 40.Kg2 Kf6 41.Rfe1 
a5 42.R5e3 Rc4 43.Rf3+ Kg6 44.Rf7 Nd5 45.Rd1 Rc5 46.Kh3 a4 47.f4 g4+ 48.
Kh2 Ne3 49.Rd8 Nf5 50.Rg8+ Kh5 51.Rh7 Rc2+ 52.Kg1 Nxg3 53.Rg5+ Kh4 54.
Rxh6+ Nh5 55.Rhxh5+ Kg3 56.Kf1 a3 57.Rd5 a2 58.Rd3+ Kxf4 59.Rd4+ Kf3 60.
Rd3+ Ke4 61.Ra3 Rc1+ 62.Kg2 a1=Q 63.Rxa1 Rxa1 64.Rb5 Kf4 65.Rb4+ Kf5 66.
Rxb6 Re1 67.Rb5+ Re5 68.Rb4 Rxe6 69.Kg3 Re3+ 70.Kf2 Rf3+ 71.Kg2 e5 72.Ra4 
e4 73.Ra8 Kf4 74.Rf8+ Ke3 75.Rg8 Rf2+ 76.Kg3 Rf1 77.Kg2 Ke2 78.Rxg4 e3 79.
Ra4 Rd1 80.Ra2+ Rd2 81.Ra1 Rd3 82.Kg3 Rd8 83.Ra2+ Rd2 84.Ra1 Rb2 85.Kg2 
Rd2 86.Kg3 Rc2 87.Kg2 Kd2 88.Kf3 Rb2 89.Kg2 Kd3+ 90.Kf3 Rf2+ 91.Kg3 Rc2 
92.Kf3 Rf2+ 93.Kg3 Rd2 94.Kf3 e2 95.Ra3+ Kc2 96.Ra2+ Kb1 97.Rxd2 e1=Q 98.
Re2 Qf1+ 99.Rf2 Qd3+ 100.Kg2 Kc1 101.Rf3 Qe4 102.Kg3 Kd2 103.Rf4 Qe5 104.
Kf3 Kd3 105.Kg4 Ke3 106.Rf5 Qe6 107.Kg5 Ke4 108.Rf6 Qe7 109.Kg6 Ke5 110.
Rf5+ Ke6 111.Rg5 Qf7+ 112.Kh6 Qf4 113.Kg6 Qe3 114.Rg4 Qd2 115.Re4+ Kd5 
116.Rg4 Ke5 117.Rg5+ Ke6 118.Rg4 Qc2+ 119.Kg5 Ke5 120.Rg3 Qd2+ 121.Kg4 Ke4
122.Kh3 Kf4 123.Rg4+ Kf5 124.Rg3 Qf2 125.Rg5+ Kf6 126.Rg3 Qf1+ 127.Kg4 
Qf5+ 128.Kh4 Qe4+ 129.Rg4 Qe1+ 130.Kh3 Kf5 131.Rg2 Kf4 132.Rf2+ Ke3 133.
Rg2 Kf3 134.Kh2 Qe5+ 135.Kg1 Qd4+ 136.Kh2 Qe5+ 137.Kg1 Qd4+ 138.Kh2 Qd6+ 
139.Kg1 Qd5 140.Kh2 Qe5+ 141.Kg1 Qh8 142.Rf2+ Ke3 143.Rg2 Qh4 144.Rg6 Qf2+
145.Kh1 Qf1+ 146.Kh2 Qf4+ 147.Kg1 Qf2+ 1/2-1/2

[Event "32nd WCh U20 Girls"]
[Site "Pune IND"]
[Date "2014.10.08"]
[Round "3.17"]
[White "Gelip, Ioana"]
[Black "Madhurima, Shekhar"]
[Result "1-0"]
[WhiteElo "2154"]
[BlackElo "2000"]
[EventDate "2014.10.06"]
[PlyCount "51"]

1.e4 e6 2.d4 d5 3.Nc3 Nf6 4.e5 Nfd7 5.f4 c5 6.Nf3 Nc6 7.Be3 Be7 8.Qd2 O-O 
9.Be2 b6 10.O-O f6 11.dxc5 bxc5 12.Nxd5 fxe5 13.Nxe7+ Qxe7 14.fxe5 Ndxe5 
15.Nxe5 Nxe5 16.Rxf8+ Qxf8 17.Qc3 Nd7 18.Qc4 Qe7 19.Rf1 Bb7 20.Rd1 Rf8 21.
Qb5 Nb6 22.Qxc5 Qe8 23.Qg5 Rf6 24.Bh5 Qe7 25.Bc5 Rf1+ 26.Rxf1 1-0

[Event "32nd WCh U20 Girls"]
[Site "Pune IND"]
[Date "2014.10.08"]
[Round "3.18"]
[White "Frayna, Janelle Mae"]
[Black "Afraoui, Solenn"]
[Result "1-0"]
[WhiteElo "2140"]
[BlackElo "1989"]
[EventDate "2014.10.06"]
[PlyCount "51"]

1.d4 d5 2.c4 c6 3.Nc3 Nf6 4.Nf3 dxc4 5.a4 Bf5 6.e3 e6 7.Bxc4 Nbd7 8.O-O 
Bb4 9.Qe2 Bg6 10.e4 Bxc3 11.bxc3 O-O 12.Bd3 c5 13.e5 Bxd3 14.Qxd3 Nd5 15.
Ng5 g6 16.Qh3 h5 17.Nxe6 fxe6 18.Qxe6+ Kh7 19.Qxd5 cxd4 20.cxd4 Qc7 21.Ba3
Nb6 22.Qe4 Rf5 23.Rac1 Qf7 24.e6 Qg7 25.Bd6 Nd5 26.Be5 1-0

[Event "32nd WCh U20 Girls"]
[Site "Pune IND"]
[Date "2014.10.08"]
[Round "3.19"]
[White "Zarkovic, Mila"]
[Black "Bakshi, Rutuja"]
[Result "1-0"]
[WhiteElo "2136"]
[BlackElo "1959"]
[EventDate "2014.10.06"]
[PlyCount "79"]

1.e4 Nf6 2.Nc3 d6 3.d4 g6 4.Be3 Bg7 5.f3 Nbd7 6.Qd2 e5 7.Bc4 O-O 8.O-O-O 
a6 9.Bb3 Qe7 10.h4 exd4 11.Bxd4 Ne5 12.h5 Be6 13.h6 Bh8 14.Nge2 Bxb3 15.
axb3 Nc6 16.Nd5 Nxd5 17.Bxh8 Kxh8 18.exd5 Ne5 19.Rde1 Qf6 20.Nc3 a5 21.Ne4
Qf5 22.f4 Ng4 23.Qc3+ f6 24.Qxc7 Qxf4+ 25.Nd2 Nxh6 26.Re7 Nf7 27.Rxf7 Rxf7
28.Qxf7 h5 29.Qxg6 h4 30.g3 Qg5 31.Rxh4+ Qxh4 32.gxh4 a4 33.Ne4 Rf8 34.
Nxf6 Rxf6 35.Qxf6+ Kh7 36.h5 a3 37.Qg6+ Kh8 38.h6 axb2+ 39.Kxb2 b5 40.Qg7#
1-0

[Event "32nd WCh U20 Girls"]
[Site "Pune IND"]
[Date "2014.10.08"]
[Round "3.20"]
[White "Ivekovic, Tihana"]
[Black "Barbosa, Larissa Ichimura"]
[Result "1/2-1/2"]
[WhiteElo "2122"]
[BlackElo "1975"]
[EventDate "2014.10.06"]
[PlyCount "91"]

1.d4 Nf6 2.c4 g6 3.Nc3 Bg7 4.e4 d6 5.Be2 O-O 6.Nf3 e5 7.O-O Nc6 8.d5 Ne7 
9.Ne1 Nd7 10.Nd3 a5 11.Bd2 f5 12.Rc1 Nf6 13.f3 b6 14.a3 f4 15.b4 axb4 16.
axb4 g5 17.Nf2 Bd7 18.c5 Qe8 19.Qb3 h5 20.cxd6 cxd6 21.h3 Qg6 22.Nb5 g4 
23.fxg4 hxg4 24.hxg4 Bxb5 25.Bxb5 Nxe4 26.Nxe4 Qxe4 27.Qd3 Qh7 28.Qxh7+ 
Kxh7 29.Bd3+ Kh8 30.Be4 Ra2 31.Rfd1 Bh6 32.Rc7 Bg5 33.Rd7 Nc8 34.Kf1 Ra7 
35.Rxa7 Nxa7 36.Rc1 Rc8 37.Rxc8+ Nxc8 38.Ke2 Kg7 39.Be1 Bd8 40.Bf2 Kh6 41.
Kf3 Kg5 42.Be1 Bf6 43.Bd2 Kh4 44.Be1+ Kg5 45.Bd2 Kh4 46.Be1+ 1/2-1/2

[Event "32nd WCh U20 Girls"]
[Site "Pune IND"]
[Date "2014.10.08"]
[Round "3.21"]
[White "Saranya, J."]
[Black "Bengtsson, Jessica"]
[Result "1-0"]
[WhiteElo "2107"]
[BlackElo "1943"]
[EventDate "2014.10.06"]
[PlyCount "64"]

1.e4 c5 2.Nf3 Nc6 3.Bb5 g6 4.Nc3 Bg7 5.d3 Nd4 6.Bc4 e6 7.O-O Ne7 8.Bf4 d6 
9.e5 dxe5 10.Nxe5 O-O 11.Ne4 b5 12.c3 bxc4 13.cxd4 Qxd4 14.Nxc4 Rd8 15.Bg5
f6 16.Be3 Qxd3 17.Qxd3 Rxd3 18.Nxc5 Rd5 19.Rad1 Rb8 20.a3 Bb7 21.Rc1 e5 
22.Na5 Bc8 23.b4 Kf7 24.Rfd1 Bf8 25.Ne4 a6 26.Nd6+ Ke6 27.Rxd5 Kxd5 28.Ne8
Ke6 29.Ba7 Rb5 30.Nc7+ Kd6 31.Nxb5+ axb5 32.Rxc8 Kd5 1-0

[Event "32nd WCh U20 Girls"]
[Site "Pune IND"]
[Date "2014.10.08"]
[Round "3.22"]
[White "Srija, Seshadri"]
[Black "Hinduja, Reddy"]
[Result "1-0"]
[WhiteElo "2099"]
[BlackElo "1934"]
[EventDate "2014.10.06"]
[PlyCount "89"]

1.e4 c5 2.Nf3 d6 3.d4 cxd4 4.Nxd4 Nf6 5.Nc3 a6 6.Be3 e5 7.Nb3 Be6 8.h3 Be7
9.f4 exf4 10.Bxf4 Nc6 11.Qe2 O-O 12.O-O-O Ne8 13.Kb1 Bf6 14.Nd5 Be5 15.Qf2
Bxf4 16.Qxf4 Rc8 17.g4 Ne5 18.Rh2 b5 19.Rf2 Kh8 20.g5 Nc4 21.Nd4 Bxd5 22.
exd5 Nc7 23.Bd3 Ne5 24.Be4 Ng6 25.Qg3 Ne5 26.Rdf1 Kg8 27.Nf5 Ne8 28.h4 Rc4
29.Qg2 Qa5 30.Ne7+ Kh8 31.Nc6 Nxc6 32.dxc6 f6 33.b3 Rc5 34.gxf6 Nxf6 35.
Bd3 Re5 36.h5 Rxh5 37.Qg4 Re5 38.Rxf6 gxf6 39.Qd7 f5 40.Qxd6 Re1+ 41.Kb2 
Rfe8 42.b4 Qb6 43.Rxe1 Rd8 44.Qf6+ Kg8 45.Re7 1-0

[Event "32nd WCh U20 Girls"]
[Site "Pune IND"]
[Date "2014.10.08"]
[Round "3.23"]
[White "Gagare, Shalmali"]
[Black "Aakanksha, Hagawane"]
[Result "0-1"]
[WhiteElo "2088"]
[BlackElo "1918"]
[EventDate "2014.10.06"]
[PlyCount "52"]

1.d4 Nf6 2.Nf3 g6 3.e3 Bg7 4.Bd3 d5 5.Nbd2 Nbd7 6.O-O O-O 7.h3 Re8 8.c4 e5
9.dxe5 Nxe5 10.Be2 Nxf3+ 11.Bxf3 Be6 12.cxd5 Bxd5 13.Qc2 Qe7 14.a4 Rad8 
15.Ra3 Rd7 16.e4 Nxe4 17.Re1 f5 18.Nxe4 fxe4 19.Rae3 Bd4 20.R3e2 Qh4 21.
Bg4 Rf7 22.Be3 Bxe3 23.Rxe3 Ref8 24.Rf1 Qg5 25.Qd2 Bc4 26.Be2 Be6 0-1

[Event "32nd WCh U20 Girls"]
[Site "Pune IND"]
[Date "2014.10.08"]
[Round "3.24"]
[White "Monnisha, Gajendra Babu Kannaiyan"]
[Black "Tejaswini, Sagar"]
[Result "1-0"]
[WhiteElo "2016"]
[BlackElo "1876"]
[EventDate "2014.10.06"]
[PlyCount "97"]

1.e4 d5 2.exd5 Nf6 3.d4 Nxd5 4.c4 Nb6 5.Nc3 g6 6.c5 Nd5 7.Bc4 Nxc3 8.Qf3 
e6 9.bxc3 Bg7 10.Ne2 O-O 11.h4 Nc6 12.Bg5 Qe8 13.h5 h6 14.Be3 g5 15.Ng3 e5
16.O-O exd4 17.cxd4 Nxd4 18.Bxd4 Bxd4 19.Rad1 Bg7 20.Rfe1 Qc6 21.Bd5 Qxc5 
22.Rc1 Qd6 23.Ne4 Qb6 24.Nc5 c6 25.Bb3 Qc7 26.Ne4 Qf4 27.Qxf4 gxf4 28.Nd6 
Bf6 29.Re4 Bg5 30.Rc3 Rb8 31.g3 Be6 32.gxf4 Bxb3 33.Rxb3 Bf6 34.Nxb7 Rfe8 
35.Nd6 Red8 36.Rg3+ Kh7 37.Nxf7 Re8 38.Ne5 Bxe5 39.fxe5 Re6 40.f4 Rg8 41.
Kf2 Rxg3 42.Kxg3 Kg7 43.f5 Re8 44.Kf4 Rb8 45.Rd4 Rb7 46.f6+ Kf7 47.Kf5 Rb5
48.Rd7+ Ke8 49.Rxa7 1-0

[Event "32nd WCh U20 Girls"]
[Site "Pune IND"]
[Date "2014.10.08"]
[Round "3.25"]
[White "Varshini, Velavan"]
[Black "Mahasweta, Kumar"]
[Result "1/2-1/2"]
[WhiteElo "2040"]
[BlackElo "1847"]
[EventDate "2014.10.06"]
[PlyCount "125"]

1.e4 d5 2.exd5 Qxd5 3.Nc3 Qa5 4.d4 Nf6 5.Nf3 Bf5 6.Bd3 Bg6 7.O-O e6 8.Ne5 
Nbd7 9.Re1 c6 10.Nc4 Qc7 11.Qf3 Nb6 12.Bf4 Qd8 13.Nxb6 Qxb6 14.Be5 Be7 15.
Bxg6 hxg6 16.Ne4 Nxe4 17.Qxe4 O-O 18.b3 Rad8 19.Re3 f6 20.Bg3 Qxd4 21.
Qxe6+ Rf7 22.c3 Qd7 23.Rae1 Qxe6 24.Rxe6 Bf8 25.Kf1 Rfd7 26.Bf4 Kf7 27.
R6e2 Rd3 28.Rc2 Bc5 29.Ke2 R3d7 30.Be3 Bxe3 31.fxe3 Ke6 32.Rf1 g5 33.h3 g6
34.c4 c5 35.Rb1 b6 36.Rbb2 Ke5 37.Rd2 Rxd2+ 38.Rxd2 Rxd2+ 39.Kxd2 Ke4 40.
Ke2 a6 41.Kd2 f5 42.Ke2 f4 43.exf4 gxf4 44.Kf2 Kd3 45.Kf3 b5 46.Kxf4 bxc4 
47.bxc4 Kxc4 48.Ke4 Kc3 49.h4 c4 50.g4 Kb2 51.h5 gxh5 52.gxh5 c3 53.h6 c2 
54.h7 c1=Q 55.h8=Q+ Kxa2 56.Qg8+ Kb1 57.Qb3+ Qb2 58.Qd1+ Qc1 59.Qxc1+ Kxc1
60.Kd4 Kb2 61.Kc5 Kb3 62.Kb6 a5 63.Kxa5 1/2-1/2

[Event "32nd WCh U20 Girls"]
[Site "Pune IND"]
[Date "2014.10.08"]
[Round "3.26"]
[White "Sunyasakta, Satpathy"]
[Black "Parnali, S. Dharia"]
[Result "1/2-1/2"]
[WhiteElo "1926"]
[BlackElo "1904"]
[EventDate "2014.10.06"]
[PlyCount "90"]

1.e4 e5 2.Nf3 Nc6 3.d4 exd4 4.Nxd4 Bb4+ 5.c3 Bc5 6.Be3 Bb6 7.Bc4 Nf6 8.O-O
O-O 9.Bg5 Ne5 10.Be2 d6 11.Nd2 h6 12.Bh4 Ng6 13.Bg3 Re8 14.Qc2 d5 15.Bd3 
c5 16.Nb5 c4 17.Be2 a6 18.Nd6 Re6 19.Nxc8 Rxc8 20.Bf3 d4 21.cxd4 Bxd4 22.
Rad1 b5 23.Nb1 Qb6 24.Nc3 Ne5 25.Bxe5 Bxe5 26.Nd5 Qc5 27.Nxf6+ Rxf6 28.Bg4
Re8 29.Rd5 Qc7 30.g3 Rd6 31.Rfd1 Red8 32.R5d2 Qc5 33.Kf1 Kf8 34.Ke2 Bd4 
35.f4 c3 36.bxc3 Qc4+ 37.Kf3 Rc6 38.Qb3 Qxc3+ 39.Rd3 Qc4 40.Qxc4 Rxc4 41.
Ra3 Ra8 42.Rad3 Rd8 43.Ra3 Ra8 44.Rad3 Rd8 45.Ra3 Ra8 1/2-1/2

[Event "32nd WCh U20 Girls"]
[Site "Pune IND"]
[Date "2014.10.08"]
[Round "3.27"]
[White "Azimova, Karina"]
[Black "Hilmi, Parveen"]
[Result "1/2-1/2"]
[WhiteElo "2063"]
[BlackElo "1757"]
[EventDate "2014.10.06"]
[PlyCount "86"]

1.e4 e6 2.d3 d5 3.Nd2 c5 4.Ngf3 Nc6 5.g3 b6 6.Bg2 Bb7 7.O-O Bd6 8.Re1 Nge7
9.c3 O-O 10.e5 Bc7 11.Nf1 Ng6 12.d4 cxd4 13.cxd4 f6 14.exf6 Qxf6 15.Bg5 
Qf7 16.Be3 h6 17.Rc1 e5 18.dxe5 Ncxe5 19.Nxe5 Bxe5 20.Bd4 Bd6 21.Nd2 Rfe8 
22.Qf3 Qd7 23.Qh5 Qf7 24.Qf3 Qd7 25.Qh5 Qf7 26.a3 Kh7 27.Nf3 Kg8 28.b4 
Rac8 29.Rxc8 Bxc8 30.Rxe8+ Qxe8 31.Qxd5+ Qe6 32.Nd2 Ne7 33.Qxe6+ Bxe6 34.
Ne4 Bc7 35.f4 Nf5 36.Bf2 Kf7 37.Nc3 Bc4 38.Bd5+ Bxd5 39.Nxd5 Bd6 40.g4 Ne7
41.Nxe7 Kxe7 42.Bd4 Bxf4 43.Bxg7 b5 1/2-1/2

[Event "32nd WCh U20 Girls"]
[Site "Pune IND"]
[Date "2014.10.08"]
[Round "3.28"]
[White "Anjana Krishna, S."]
[Black "Vaishali, Ramesh Babu"]
[Result "0-1"]
[WhiteElo "1889"]
[BlackElo "2124"]
[EventDate "2014.10.06"]
[PlyCount "74"]

1.e4 e5 2.Nf3 d6 3.Bc4 Be7 4.d4 exd4 5.Nxd4 Nf6 6.Nc3 O-O 7.O-O Nbd7 8.h3 
Re8 9.Nf3 Bf8 10.Bf4 Nb6 11.Bd3 Be6 12.Re1 h6 13.Nd4 Bd7 14.Qf3 c5 15.Ndb5
Bc6 16.Na3 d5 17.exd5 Nbxd5 18.Rxe8 Qxe8 19.Bb5 Nxf4 20.Qxf4 Rd8 21.Bxc6 
Qxc6 22.Re1 a6 23.Nab1 b5 24.Rd1 Rxd1+ 25.Nxd1 Qe6 26.Qd2 Qxa2 27.Nbc3 Qa1
28.Kh2 c4 29.Qd4 Qc1 30.b3 b4 31.Nd5 Nxd5 32.Qxd5 Qxc2 33.bxc4 b3 34.Qd4 
Be7 35.Ne3 Qxf2 36.Qe5 b2 37.Nd1 Qd2 0-1

[Event "32nd WCh U20 Girls"]
[Site "Pune IND"]
[Date "2014.10.08"]
[Round "3.29"]
[White "Kurbonboeva, Sarvinoz"]
[Black "Bala Kannamma, P."]
[Result "1/2-1/2"]
[WhiteElo "2212"]
[BlackElo "2023"]
[EventDate "2014.10.06"]
[PlyCount "78"]

1.d4 Nf6 2.Nf3 e6 3.c4 b6 4.g3 Bb7 5.Bg2 Be7 6.O-O O-O 7.Re1 c5 8.d5 exd5 
9.Nh4 Ne4 10.cxd5 Bxh4 11.Bxe4 Bf6 12.Nc3 d6 13.Bf4 Qe7 14.Qc2 g6 15.Nb5 
Be5 16.Bxe5 Qxe5 17.Nc7 Na6 18.Nxa8 Nb4 19.Qb1 Bxa8 20.Bg2 Nxd5 21.a3 Ne7 
22.Bxa8 Rxa8 23.Qd3 d5 24.b3 Rd8 25.Rac1 Nc6 26.Kg2 Qb2 27.a4 Qe5 28.Qe3 
Qxe3 29.fxe3 Re8 30.Kf2 a5 31.Rcd1 Nb4 32.Rd2 Re5 33.g4 h5 34.Rg1 h4 35.g5
Rf5+ 36.Ke1 Re5 37.Kf2 Rf5+ 38.Ke1 Re5 39.Kf2 Re6 1/2-1/2

[Event "32nd WCh U20 Girls"]
[Site "Pune IND"]
[Date "2014.10.08"]
[Round "3.31"]
[White "Ananya, Suresh"]
[Black "Michelle Catherina"]
[Result "1/2-1/2"]
[WhiteElo "1853"]
[BlackElo "2114"]
[EventDate "2014.10.06"]
[PlyCount "138"]

1.e4 e5 2.Nf3 Nc6 3.Bb5 a6 4.Ba4 Nf6 5.O-O Nxe4 6.Re1 Nc5 7.Bxc6 dxc6 8.
Nxe5 Be7 9.d4 Ne6 10.c3 O-O 11.b3 f6 12.Nf3 Rf7 13.Ba3 Nf8 14.Bxe7 Rxe7 
15.Rxe7 Qxe7 16.Nbd2 Bf5 17.Qe1 Qd7 18.Nc4 a5 19.Ne3 Bg6 20.Qd2 b6 21.Re1 
a4 22.b4 Bf7 23.a3 Ng6 24.Nf1 Qd5 25.Qc1 c5 26.dxc5 bxc5 27.Rd1 Qc6 28.Qe3
cxb4 29.cxb4 Re8 30.Qc1 Qb7 31.Rd7 Re7 32.Qd1 Bb3 33.Qd2 Rxd7 34.Qxd7 Nf8 
35.Qe8 Qd5 36.Qe3 Qd1 37.Qe1 Qxe1 38.Nxe1 Nd7 39.Nd3 Nb6 40.Nd2 Bc2 41.Nc5
Kf7 42.Kf1 Ke7 43.Ke2 Kd6 44.Ke3 Kd5 45.g3 c6 46.h4 Bf5 47.f3 Bg6 48.g4 
Bc2 49.f4 h6 50.g5 fxg5 51.fxg5 hxg5 52.hxg5 g6 53.Nb7 Nd7 54.Na5 Ne5 55.
Nb7 Nf7 56.Kf4 Kd4 57.Na5 Nd8 58.Ndc4 Ne6+ 59.Kg4 Bd1+ 60.Kh4 Nd8 61.Nd6 
Kc3 62.b5 cxb5 63.Nxb5+ Kb2 64.Nc4+ Kc1 65.Nc3 Bb3 66.Nb6 Kb2 67.Ncxa4+ 
Bxa4 68.Nxa4+ Kxa3 69.Nc5 Nf7 1/2-1/2

[Event "32nd WCh U20 Girls"]
[Site "Pune IND"]
[Date "2014.10.08"]
[Round "3.32"]
[White "Turkova, Karolina"]
[Black "Bidhar, Rutumbara"]
[Result "1-0"]
[WhiteElo "2033"]
[BlackElo "1780"]
[EventDate "2014.10.06"]
[PlyCount "49"]

1.e4 c5 2.Nf3 d6 3.d4 cxd4 4.Nxd4 Nf6 5.Nc3 Nc6 6.Bg5 e6 7.Qd2 Be7 8.f4 a6
9.O-O-O Qc7 10.g4 b5 11.Bg2 Bb7 12.Rhe1 Rc8 13.Bxf6 Bxf6 14.e5 dxe5 15.
Ndxb5 axb5 16.Nxb5 Qd8 17.Nd6+ Kf8 18.Nxc8 Qxc8 19.Qd7 Qa8 20.a3 exf4 21.
Qc7 Bd8 22.Rxd8+ Nxd8 23.Rd1 Bd5 24.c4 g6 25.cxd5 1-0

[Event "32nd WCh U20 Girls"]
[Site "Pune IND"]
[Date "2014.10.08"]
[Round "3.33"]
[White "San Diego, Marie Antoinette"]
[Black "Shweta, Gole"]
[Result "1/2-1/2"]
[WhiteElo "2033"]
[BlackElo "1881"]
[EventDate "2014.10.06"]
[PlyCount "124"]

1.d4 Nf6 2.Nf3 c5 3.d5 e6 4.c4 exd5 5.cxd5 d6 6.Nc3 g6 7.Qa4+ Bd7 8.Qb3 
Qc7 9.Bf4 c4 10.Qc2 b5 11.e4 Nh5 12.Be3 Bg7 13.Nd4 Qa5 14.Qd2 a6 15.Be2 
Nf6 16.f3 O-O 17.O-O Rc8 18.a3 Qd8 19.Rae1 Qe8 20.Bf4 Bf8 21.Bg5 Bg7 22.
Bf4 Bf8 23.Bd1 Nh5 24.Be3 a5 25.g4 Ng7 26.Bf4 b4 27.Nb1 Na6 28.Be2 Rc7 29.
Rc1 Rac8 30.Qe3 Nb8 31.Rfd1 Ba4 32.Re1 Qd7 33.Qf2 Ne8 34.Qf1 Bg7 35.Be3 c3
36.bxc3 bxc3 37.Nc2 Bb3 38.Bb5 Qe7 39.Bb6 Bc4 40.Bxc4 Rxc4 41.Ne3 Bd4 42.
Bxd4 Rxd4 43.Rxc3 Rxc3 44.Nxc3 Nd7 45.Qe2 Ne5 46.Rd1 Rxd1+ 47.Ncxd1 Qf6 
48.Kg2 h5 49.h3 Qf4 50.Nb2 h4 51.Qf2 Nf6 52.Nc2 Nh7 53.Ne1 Ng5 54.Nbd3 
Nxd3 55.Nxd3 Qf6 56.Qe3 Qc3 57.a4 Nh7 58.Qe2 Qc4 59.Qd1 Nf8 60.Ne1 Qb4 61.
Nd3 Qc4 62.Ne1 Qb4 1/2-1/2

[Event "32nd WCh U20 Girls"]
[Site "Pune IND"]
[Date "2014.10.08"]
[Round "3.34"]
[White "Caballero Quijano, Mitzy Mishell"]
[Black "Lalaoui, Feriel"]
[Result "1/2-1/2"]
[WhiteElo "1961"]
[BlackElo "1739"]
[EventDate "2014.10.06"]
[PlyCount "101"]

1.d4 Nf6 2.Nf3 e6 3.e3 b6 4.Bd3 Bb7 5.O-O Be7 6.c4 c5 7.Nc3 cxd4 8.exd4 d5
9.cxd5 Nxd5 10.Ne5 O-O 11.Qh5 Nf6 12.Qh4 Nbd7 13.Rd1 a6 14.Bf4 Rc8 15.Rac1
b5 16.a3 Re8 17.Bb1 Nf8 18.Bg5 Nd5 19.Bxe7 Nxe7 20.Qh5 Neg6 21.h3 Qe7 22.
Qg4 Red8 23.Nxg6 Nxg6 24.Rc2 b4 25.axb4 Qxb4 26.Rcd2 Rc7 27.d5 Qxg4 28.
hxg4 exd5 29.Ba2 Rcd7 30.Nxd5 Kf8 31.Rd3 Ne5 32.Rd4 Bxd5 33.Rxd5 Rxd5 34.
Rxd5 Rxd5 35.Bxd5 Nxg4 36.Bb7 a5 37.Kf1 Ne5 38.Ke2 Ke7 39.f4 Nc4 40.b3 Nd6
41.Bd5 Kf6 42.Ke3 Kf5 43.Bf3 f6 44.g4+ Ke6 45.Kd4 Kd7 46.Kc5 Kc7 47.f5 g6 
48.fxg6 hxg6 49.Bd5 f5 50.gxf5 gxf5 51.Bf3 1/2-1/2